000 00700nam a2200193Ia 4500
003 GCL
008 140319s9999 xx 000 0 ara d
040 _aGCL /
_cGCL
082 0 4 _a259
_bو م
100 1 _aمحمد حجى
245 1 0 _aالمعيار المعرب والجامع المغرب عن فتاوى علماء افريقية والاندلس والمغرب /
_cمحمد حجى
700 1 _aالونشريسى, احمد بن يحيى
260 _a[S.N] :
_bدار الغرب الاسلامى ،
_c1983
300 _a13 جزء
490 _aالهيئة العامة للاستعلامات
_v0
650 0 4 _aالاسلام
650 0 4 _aالفقه الاسلامى
942 _2ddc
_cBK
999 _c52544
_d52544